| 000 | 00434nam a2200145 a 4500 | ||
|---|---|---|---|
| 001 | 6029 | ||
| 003 | CDMR | ||
| 005 | 20130220142516.0 | ||
| 008 | 130220s2011||||||||||||||||||||||||||||d | ||
| 040 |
_aCDMR _bcat _cCPC GIRONA |
||
| 100 | 1 |
_aTolosa, Lluís _93013 |
|
| 245 | 1 | 0 |
_aGuia d'enoturisme de l'Empordà _b136 llocs per gaudir del turisme del vi i més de 200 vins recomanats _cTolosa, Lluís |
| 260 |
_bLTA edicions _c2011 |
||
| 942 | _cMON | ||
| 999 |
_c6029 _d6029 |
||